000 02024nam0a2200385 i 4500
001 RU\NLR\BIBL_A\010018341
005 20260408195232.0
010 _a9785851529900
_9100
021 _aRU
_b2013-91177
_96310
035 _a(NILC)RuMoRGB-006694581
035 _a(NLR Aleph) 010018341
090 _a9888141
_c9888141
100 _a20131225d2013 m y0rusy50 ca
101 0 _arus
102 _aRU
105 _aa|||j|||001yy
200 1 _aПрогнозирование и планирование: теория и методология
_eучебное пособие
_fН. М. Климин
_gРос. акад. народ. хоз-ва и гос. службы при президенте Рос. Федерации, Нижегор. ин-т упр.
210 _aНижний Новгород
_cНижегородский институт управления - филиал Российской академии народного хозяйства и государственной службы
_d2013
215 _a75 с.
225 1 _aУчебные издания для бакалавров
320 _aБиблиогр.: с. 71 (10 назв.)
606 _aСоциально-экономические системы
_jУчебные издания для высших учебных заведений
_xСтратегическое планирование
_92157953
_3RU\NLR\AUTH\661298948
606 _aСоциально-экономические процессы
_xПрогнозирование
_jУчебные издания для высших учебных заведений
_3RU\NLR\AUTH\661389499
_92322724
675 _a338.27(075.8)
686 1 _aУ.в611я73
686 1 _aУ23(0)я73
686 1 _aУ010.5я73
700 1 _aКлимин
_bН. М.
_gНиколай Михайлович
801 0 _aRU
_bRuMoRKP
_c20131111
_gRCR
801 2 _aRU
_bРГБ
_c20131113
801 1 _aRU
_bRuMoRKP
_c20131111
_2rusmarc
942 _cBOOK
980 _aNBR